000 00716cab a2200241 4500
001 WB3432-33
008 090401t1998 xxu||||| |||| 00| 0 eng d
035 _a(Sirsi) u88077
041 _aeng
245 _aSeabed code
260 _c1998
350 _a0
490 _aFinancial Times
_v20 August 1998, 26(1)
520 _aThe International Seabed Authority has started discussions on producing a code to govern the extraction of minerals from the international seabed.
650 _aDEEP SEABED MINING
650 _aINTERNATIONAL SEABED AUTHORITY
650 _aMINERALS EXTRACTION
650 _aMINING CODE
650 _aSEABED
690 _aMINING AND MINERALS
942 _n0
948 _c20/08/1998
999 _c55628
_d55628